[Event "SWE-ch"]
[Site "Ronneby"]
[Date "1998.??.??"]
[Round "1"]
[White "Hedman, Erik"]
[Black "Lejlic, Samir"]
[Result "1/2-1/2"]
[WhiteElo "2310"]
[BlackElo "2415"]
[PlyCount "38"]
[EventDate "1998.07.??"]
[EventType "tourn"]
[EventRounds "13"]
[EventCountry "SWE"]
[EventCategory "7"]
[SourceTitle "EXT 1999"]
[Source "ChessBase"]
[SourceDate "1998.11.16"]
[SourceVersion "1"]
[SourceVersionDate "1998.11.16"]
[SourceQuality "1"]

1. e4 e5 2. Nf3 Nc6 3. Bb5 a6 4. Bxc6 dxc6 5. 0-0 f6 6. d4 Bg4 7. dxe5 Qxd1 8. Rxd1 fxe5 9. Rd3 Bd6 10. Nbd2 b5 11. a4 Nf6 12. b3 0-0 13. Bb2 Rfe8 14. h3 Bxf3 15. Nxf3 Nxe4 16. Re3 Nf6 17. Nxe5 Nd5 18. Ree1 Nb4 19. Re2 Bxe5 1/2-1/2

[Event "SWE-ch"]
[Site "Ronneby"]
[Date "1998.??.??"]
[Round "11"]
[White "Lejlic, Samir"]
[Black "Brynell, Stellan"]
[Result "0-1"]
[WhiteElo "2415"]
[BlackElo "2475"]
[PlyCount "74"]
[EventDate "1998.07.??"]
[EventType "tourn"]
[EventRounds "13"]
[EventCountry "SWE"]
[EventCategory "7"]
[SourceTitle "EXT 1999"]
[Source "ChessBase"]
[SourceDate "1998.11.16"]
[SourceVersion "1"]
[SourceVersionDate "1998.11.16"]
[SourceQuality "1"]

1. e4 e6 2. d4 d5 3. Nc3 Nf6 4. Bg5 Be7 5. e5 Nfd7 6. h4 Bxg5 7. hxg5 Qxg5 8. Nh3 Qe7 9. Nf4 Nc6 10. Qg4 g6 11. 0-0-0 h5 12. Qh3 Nb6 13. g4 h4 14. Qe3 Bd7 15. Kb1 0-0-0 16. Nh3 Kb8 17. f4 Rc8 18. Ng5 Nd8 19. Bd3 c5 20. dxc5 Rxc5 21. Ne2 Bb5 22. Nd4 Bxd3 23. cxd3 Nc6 24. f5 Nxd4 25. Qxd4 Rhc8 26. f6 Qc7 27. a3 Rc2 28. Ka2 Qd7 29. Rb1 Na4 30. Ka1 Nc5 31. Ka2 a5 32. Rhc1 Nb3 33. Kxb3 Rxc1 34. Rxc1 Rxc1 35. Qb6 Qc7 36. Qd6 Ka7 37. d4 Qc4# 0-1

[Event "Royal op qual email"]
[Site "corr"]
[Date "1998.??.??"]
[Round "?"]
[White "Lejlic, Samir"]
[Black "Galligan, Brian"]
[Result "1/2-1/2"]
[WhiteElo "2415"]
[BlackElo "1875"]
[PlyCount "72"]
[EventDate "1998.??.??"]
[EventType "tourn (corr)"]
[EventRounds "9"]
[SourceTitle "E-Mail 2000"]
[Source "ChessBase"]
[SourceDate "2000.04.19"]
[SourceVersion "1"]
[SourceVersionDate "2000.04.19"]
[SourceQuality "1"]

1. e4 e5 2. Nf3 Nc6 3. Bb5 a6 4. Ba4 Nf6 5. 0-0 Nxe4 6. d4 b5 7. Bb3 d5 8. dxe5 Be6 9. c3 Bc5 10. Qe2 0-0 11. Be3 Qe7 12. Nbd2 Bxe3 13. Qxe3 Nxd2 14. Nxd2 Rad8 15. Bc2 g6 16. Nb3 d4 17. Nxd4 Nxd4 18. cxd4 Qb4 19. Rfd1 Qxb2 20. Bb3 Bxb3 21. axb3 Rd5 22. Rab1 Qa3 23. b4 Qa2 24. h4 Qc4 25. Rbc1 Qxb4 26. Rxc7 Qa4 27. Rd2 Qa1+ 28. Kh2 Qa5 29. Rb7 Qd8 30. g3 Re8 31. h5 Re7 32. Rxe7 Qxe7 33. Ra2 Qe6 34. h6 b4 35. Qe4 a5 36. Rc2 Kf8 1/2-1/2

[Event "SWE-ch"]
[Site "Ronneby"]
[Date "1998.??.??"]
[Round "9"]
[White "Lejlic, Samir"]
[Black "Hellsten, Johan"]
[Result "0-1"]
[WhiteElo "2415"]
[BlackElo "2460"]
[PlyCount "69"]
[EventDate "1998.07.??"]
[EventType "tourn"]
[EventRounds "13"]
[EventCountry "SWE"]
[EventCategory "7"]
[SourceTitle "EXT 1999"]
[Source "ChessBase"]
[SourceDate "1998.11.16"]
[SourceVersion "1"]
[SourceVersionDate "1998.11.16"]
[SourceQuality "1"]

1. e4 c5 2. Nf3 e6 3. d4 cxd4 4. Nxd4 a6 5. Nc3 Qc7 6. g3 Nf6 7. Bg2 Nc6 8. 0-0 Bc5 9. Nb3 Ba7 10. Qe2 Ne5 11. a4 d6 12. h3 Rg8 13. Be3 Bxe3 14. Qxe3 Bd7 15. Nd2 g5 16. Qd4 g4 17. h4 Rc8 18. Rad1 Ke7 19. Qb4 Qc5 20. Qxb7 Rb8 21. Qxa6 Rb6 22. Qe2 Rxb2 23. Ndb1 Ra8 24. Rd2 Bxa4 25. Rfd1 Rb6 26. Nxa4 Rxa4 27. c4 Rxc4 28. Ra2 Rb7 29. Rad2 Rc1 30. Rxc1 Qxc1+ 31. Rd1 Qc5 32. Qd2 Rc7 33. Nc3 Nf3+ 34. Bxf3 gxf3 35. Nb5 0-1

[Event "Limhamn op"]
[Site "Limhamn"]
[Date "1998.??.??"]
[Round "?"]
[White "Lejlic, Samir"]
[Black "Lundgren, Bernt"]
[Result "1-0"]
[WhiteElo "2415"]
[BlackElo "2150"]
[PlyCount "83"]
[EventDate "1998.??.??"]
[EventType "swiss"]
[EventRounds "7"]
[EventCountry "SWE"]
[SourceTitle "EXT 1999"]
[Source "ChessBase"]
[SourceDate "1998.11.16"]
[SourceVersion "1"]
[SourceVersionDate "1998.11.16"]
[SourceQuality "1"]

1. e4 d5 2. exd5 Nf6 3. Bb5+ Bd7 4. Be2 Nxd5 5. d4 Bf5 6. Nf3 e6 7. 0-0 Nd7 8. Bg5 Be7 9. Bxe7 Qxe7 10. c4 Nf4 11. Re1 Nxe2+ 12. Qxe2 0-0 13. Nc3 Qf6 14. Qe3 Rfd8 15. Nb5 Nb6 16. b3 c6 17. Nc3 h6 18. h3 Rac8 19. Rac1 Rc7 20. a4 Qe7 21. a5 Nc8 22. c5 a6 23. Ne5 Qf6 24. Qg3 Re7 25. Ne4 Bxe4 26. Rxe4 Qg5 27. Qc3 Na7 28. h4 Qf5 29. Qe3 Qh7 30. h5 Nb5 31. Rf4 Nc7 32. Qf3 f5 33. Ng6 Ree8 34. Qe2 Nd5 35. Rf3 Nf6 36. Re3 Ne4 37. Rxe4 fxe4 38. Qxe4 Rd5 39. g4 e5 40. Re1 Kf7 41. Qf5+ Kg8 42. Rxe5 1-0